| 000 | 00432nam a2200145Ia 4500 | ||
|---|---|---|---|
| 008 | 231129s1997||||xx |||||||||||||| ||spa|| | ||
| 020 | _a968-24-5494-8 | ||
| 040 | _bspa | ||
| 082 | _a616.858842 ó77s | ||
| 100 | _aOrtega Támez Luis Carlos | ||
| 245 | 0 | _aEl síndrome de Down: guía para padres maestros y médicos | |
| 260 | _c1997 | ||
| 264 | _aMéxico : Trillas | ||
| 942 |
_2ddc _cBKS |
||
| 999 |
_c12446 _d12446 |
||